| 000 | 00575nam a22001937a 4500 | ||
|---|---|---|---|
| 008 | 140624b xxu||||| |||| 00| 0 eng d | ||
| 020 | _a9-7807-5454-3411 | ||
| 082 |
_222 ed. _a343.41052 _bTOL |
||
| 100 | _aTolley | ||
| 245 |
_aTolley's income tax 2012-13 / _cDavid Smailes FCA, Consultant editor |
||
| 250 | _a97 ed. | ||
| 260 |
_aUK : _bLexisNexis _c2012 |
||
| 300 |
_axvi, 1986 P. ; _c23 Cm. |
||
| 500 | _aIncludes Index | ||
| 650 | _aIncome tax | ||
| 650 | _aTolley's income tax 2012-13 | ||
| 700 |
_aSmailes , David FCA, _cConsultant editor |
||
| 942 |
_2ddc _cBK |
||
| 999 |
_c5865 _d5865 |
||